Lidé, věci, dobrodružství

Bibliographic Details
Main Author: Syrovátka, Oldřich, 1911-1977 (Author)
Format: Book
Language:Undetermined
PhysicalDescription:344 s.
Published: V Praze SNDK 1959

MARC

LEADER 00000nam a2200000 a 4500
001 vtls001380629
003 SK-MaSNL
005 20260301161354.0
008 240313s1959 xx 0 und
035 |a SNK000334625 
040 |a SNK  |b slo  |c SNK  |e AACR2 
100 1 |a Syrovátka, Oldřich,  |d 1911-1977  |4 aut  |9 228764 
245 1 |a Lidé, věci, dobrodružství 
260 |a V Praze  |b SNDK  |c 1959 
300 |a 344 s. 
999 |c 809170  |d 811100 
952 |t P60, <04>, [BOOK], {604}  |a SNK  |b SNK  |y VYP  |7 0  |p 17A0223928  |o snkID 24552  |0 0  |1 0  |4 0  |d 2000-01-12  |l 0  |r 2005-01-02 00:00:00  |w 2026-02-24